Oceania Capitals Quiz - Statistics

General Stats
  • This quiz has been taken 259 times
  • The average score is 11 of 14
Answer Stats
Country City % Correct
Australia Canberra
97%
New Zealand Wellington
97%
Papua New Guinea Port Moresby
88%
Fiji Suva
82%
Samoa Apia
75%
Tuvalu Funafuti
75%
Vanuatu Port Vila
75%
Kiribati South Tarawa
72%
Tonga Nukuʻalofa
70%
Nauru Yaren
69%
Federated States of Micronesia Palikir
67%
Palau Ngerulmud
66%
Solomon Islands Honiara
63%
Marshall Islands Majuro
61%
No matching quizzes found
Score Distribution
Percent of People with Each Score
Percentile by Number Answered
Your Score History
You have not taken this quiz